Jane Eyre / (Record no. 4625)

MARC details
000 -LEADER
fixed length control field 00955nam a22002897a 4500
001 - CONTROL NUMBER
control field 4625
003 - CONTROL NUMBER IDENTIFIER
control field FISKH
005 - DATE AND TIME OF LATEST TRANSACTION
control field 20250303095518.0
008 - FIXED-LENGTH DATA ELEMENTS--GENERAL INFORMATION
fixed length control field 240918b cb ||||| |||| 00| 0 eng d
020 ## - INTERNATIONAL STANDARD BOOK NUMBER
International Standard Book Number 9780679886181
040 ## - CATALOGING SOURCE
Original cataloging agency FISKH
Language of cataloging eng
Transcribing agency FISKH
Modifying agency FISKH
050 ## - LIBRARY OF CONGRESS CALL NUMBER
Classification number PZ7.G3264
082 ## - DEWEY DECIMAL CLASSIFICATION NUMBER
Edition number 823.8
100 ## - MAIN ENTRY--PERSONAL NAME
Personal name Bronte, Charlotte
Dates associated with a name (1816–1855)
245 ## - TITLE STATEMENT
Title Jane Eyre /
Statement of responsibility, etc. By Charlotte Bronte Adapted by Jane E. Gerver
250 ## - EDITION STATEMENT
Edition statement Published in 2005
260 ## - PUBLICATION, DISTRIBUTION, ETC.
Place of publication, distribution, etc. New York :
Name of publisher, distributor, etc. A Stepping Stone Book,
Date of publication, distribution, etc. 1997.
300 ## - PHYSICAL DESCRIPTION
Extent 105 pages :
Dimensions 20cm
505 ## - FORMATTED CONTENTS NOTE
Formatted contents note N<br/>
520 ## - SUMMARY, ETC.
Summary, etc. In early nineteenth-century England, an orphaned young woman accepts employment as a governess at Thornfield Hall, a country estate owned by the mysteriously remote Mr. Rochester.
521 8# - TARGET AUDIENCE NOTE
Target audience note 540L<br/>
Source Lexile<br/>
521 8# - TARGET AUDIENCE NOTE
Target audience note N<br/>
Source Raz-Plus<br/>
650 ## - SUBJECT ADDED ENTRY--TOPICAL TERM
Source of heading or term Historical fiction
Topical term or geographic name entry element Classic
650 ## - SUBJECT ADDED ENTRY--TOPICAL TERM
Source of heading or term English literature
Topical term or geographic name entry element Novel
942 ## - ADDED ENTRY ELEMENTS (KOHA)
Source of classification or shelving scheme Dewey Decimal Classification
Koha item type Books
Suppress in OPAC No
Holdings
Withdrawn status Lost status Source of classification or shelving scheme Damaged status Not for loan Collection Home library Current library Shelving location Date acquired Total Checkouts Full call number Barcode Date last seen Date last checked out Copy number Price effective from Koha item type
    Dewey Decimal Classification     Juvenile Fiction Footprints International School Library Network Toul Kork Campus Footprints International School Library Network Toul Kork Campus TTP Primary Yellow Bookshelves 09/18/2024 1 BRO 823.8 PZ7.G3264 2024-2008 04/23/2025 04/02/2025 1 09/18/2024 Books
    Dewey Decimal Classification     Juvenile Fiction Footprints International School Library Network Toul Kork Campus Footprints International School Library Network Toul Kork Campus TTP Primary Yellow Bookshelves 03/03/2025   BRO 823.8 PZ7.G3264 2025-0710 03/03/2025   2 03/03/2025 Books